004490000a220014500045000410008000000820016000081000036000242450044000602600041001043000012001450010006001579420007001639520116001709990017002860 aSPA04aG 863 A655a1 aApuleyo Mendoza, Plinio (1932-)10aAños de fuga / Plinio Apuleyo Mendoza aBogotá, Colombia : Plaza y Janés a366 Pag11016 cBK 001040708GENaFUSBCbFUSBCd2005-01-25l0oG 863 A655a p10277r2019-12-12 00:00:00t1w2016-01-26yBKB0C3 c40389d40389